Companion Teacher's Edition (Record no. 4312)
[ view plain ]
| 000 -LEADER | |
|---|---|
| fixed length control field | 00234nam a22000857a 4500 |
| 008 - FIXED-LENGTH DATA ELEMENTS--GENERAL INFORMATION | |
| fixed length control field | 161130b xxu||||| |||| 00| 0 eng d |
| 100 ## - MAIN ENTRY--PERSONAL NAME | |
| 9 (RLIN) | 1593 |
| Personal name | Sasikumar, v |
| 245 ## - TITLE STATEMENT | |
| Title | Companion Teacher's Edition |
| 260 ## - PUBLICATION, DISTRIBUTION, ETC. (IMPRINT) | |
| Place of publication, distribution, etc. | New Delhi |
| Name of publisher, distributor, etc. | Orient Longman |
| Date of publication, distribution, etc. | 2007 |
No items available.